000 00324nam a2200109Ia 4500
008 171211s9999 xx 000 0 und d
245 4 _aThe Message and the Book: Sacred Texts of the World's Religions
245 _cJohn Bowker
260 _c2012
650 _xReligion
856 _uhttp://down.ebook777.com/062/0300179294.pdf
999 _c350504
_d350504